000 00348nam a2200145Ia 4500
008 240624s9999 xx 000 0 und d
041 _aeng
082 _a658.8 HIL
100 _aHILL RICHARD M
245 _aINDUSTRIAL MARKETING
250 _a(4th ed.)
260 _c2004
_aDelhi
_bA.I.T.B.S.
300 _axii, : 703 : p. : cm. ; 22
365 _cRS
999 _c1505
_d1505